The history and character of St. Paul, examined : In a letter to Theophilus, a Christian friend. Occasioned by observations on the conversion and apostleship of St. Paul: in a letter to Gilbert West, Esq; with a preface by way of postscript.

Bibliographic Details
Main Author: Annet, Peter, 1693-1769
Corporate Author: Gale (Firm)
Format: eBook
Language:English
Published: London : Printed for and sold by F. Page, near St. Paul's, [1748?]
Subjects:
Online Access:Connect to the full text of this electronic book

MARC

Tag First Indicator Second Indicator Subfields
LEADER 00000cam a2200000 4500
001 in00003869080
005 20190415191546.0
006 m o d
007 cr |n||||||||n
008 790602s1748 enk|||| o 00| ||eng c
035 |a (CU-RivES)T36337 
035 |a (Uk-ES)006236060 
035 |a (OCoLC)508593760 
040 |a Uk-ES  |c Uk-ES  |d CU-RivES  |d CU-RivES  |d CStRLIN  |d Cengage Gale  |d UtOrBLW 
100 1 |a Annet, Peter,  |d 1693-1769.  |0 http://id.loc.gov/authorities/names/n85017757 
245 1 4 |a The history and character of St. Paul, examined :  |b In a letter to Theophilus, a Christian friend. Occasioned by observations on the conversion and apostleship of St. Paul: in a letter to Gilbert West, Esq; with a preface by way of postscript. 
264 1 |a London :  |b Printed for and sold by F. Page, near St. Paul's,  |c [1748?] 
300 |a 1 online resource (vii, 1 unnumbered page, 106, 2 unnumbered pages)  
336 |a text  |b txt  |2 rdacontent 
337 |a computer  |b c  |2 rdamedia 
338 |a online resource  |b cr  |2 rdacarrier 
500 |a Anonymous. By Peter Annet. 
500 |a 'Preface by way of postscript' signed: M. P. 
500 |a With a final leaf containing the contents list. 
500 |a Price in square brackets: (Price Two Shillings.) 
509 |a GOT reports this work received in 1749 
510 4 |a English Short Title Catalog,  |c T36337. 
500 |a Reproduction of original from British Library. 
500 |a Electronic resource. 
600 0 0 |a Paul,  |c the Apostle, Saint  |v Early works to 1800. 
655 7 |a Electronic books.  |2 local 
710 2 |a Gale (Firm)  |0 http://id.loc.gov/authorities/names/no2008071348 
752 |a Great Britain  |b England  |d London. 
856 4 0 |u http://proxy.library.tamu.edu/login?url=http://find.galegroup.com/ecco/infomark.do?contentSet=ECCOArticles&docType=ECCOArticles&bookId=1495301900&type=getFullCitation&tabID=T001&prodId=ECCO&docLevel=TEXT_GRAPHICS&version=1.0&source=library&userGroupName=txshracd2898  |z Connect to the full text of this electronic book  |t 0 
999 f f |s ab56d4c5-3ab2-354b-9a70-b18c52ff479c  |i d3a2285e-3f0c-3be2-a883-90ac9d35afd6  |t 0 
952 f f |a Texas A&M University  |b College Station  |c Electronic Resources  |d Available Online  |t 0  |h No information provided 
998 f f |t 0  |l Available Online